000 00839nam a2200241Ia 4500
003 OSt
005 20220923212832.0
006 a|||||r|||| 00| 0
007 ta
008 220922b |||||||| |||| 00| 0 hin d
024 _a156,222
037 _cTextual
040 _aARTS
_cARTS
_bhin
041 _2hin
_ahin
082 _aO152vN7, M8
100 _aजोस, आस्टिन
245 0 _aहिन्दी के विकास में विदेशी विदानों का योगदान
246 _aHindī ke vikās mean videshī vidānoan kā yogadāna
260 _aनर्इ्र दिल्ली
_b अनुराग प्रकाशन
_c1988
300 _a255 पृ.
_ccm.
942 _hO152vN7, M8
_cTEXL
_2CC
999 _c311542
_d311542